[Event "Jermuk FIDE GP"]
[Site "Jermuk"]
[Date "2009.08.13"]
[Round "5"]
[White "Gelfand, Boris"]
[Black "Akopian, Vladimir Eduardovic"]
[Result "1-0"]
[WhiteElo "2755"]
[BlackElo "2712"]
[Annotator "Krasenkow,M"]
[PlyCount "83"]
[EventDate "2009.08.09"]
[EventType "tourn"]
[EventRounds "13"]
[EventCountry "ARM"]
[EventCategory "19"]
[SourceTitle "CBM 132"]
[Source "ChessBase"]
[SourceDate "2009.09.16"]
[SourceVersion "1"]
[SourceVersionDate "2009.09.16"]
[SourceQuality "1"]

1. d4 d5 2. c4 c6 3. Nf3 Nf6 4. e3 Bf5 5. Nc3 e6 6. Nh4 Bg6 7. Be2 Nbd7 8. O-O
Bd6 9. g3 O-O 10. Nxg6 hxg6 11. Qb3 {The most active continuation.} (11. b3 {
- see Navara - Grischuk in CBM 124 (annotated by GM E.Postny).}) (11. Qc2 {
- see Kramnik - Anand in CBM 119 (annotated by GM D.Rogozenko).}) 11... Rb8 (
11... Qb6 {leads to a pleasant position for White after the queen exchange:}
12. Bd2 (12. Rd1 $5 Qxb3 13. axb3 Ne4 14. f3 Nxc3 15. bxc3 a6 16. cxd5 exd5 17.
e4 Rfe8 18. e5 Bc7 19. f4 f5 20. g4 Kf7 21. Bd3 Ke6 22. Ra2 Rg8 23. Rg2 Nf8 24.
gxf5+ gxf5 25. Rg5 $18 {1-0 Lysyj,I (2593)-Gundavaa,B (2320)/Novokuznetsk 2008/
CBM 123 Extra (42)}) 12... dxc4 (12... Rad8 13. Rfd1 dxc4 14. Bxc4 e5 15. d5 e4
16. dxc6 bxc6 17. Qc2 Rfe8 18. Be2 Qc5 19. Be1 $14 {1-0 Sargissian,G (2642)
-Tirto (2406)/Al Ain 2008/CBM 127 Extra (36)}) 13. Bxc4 e5 14. Rad1 Rad8 15.
Qc2 $14 Rfe8 $2 16. Qxg6 {1-0 Rodshtein,M (2586)-Gaponenko,I (2458)/Biel 2007/
CBM 119 ext (42)}) (11... Qc7 {is possible but the queen is placed quite
awkwardly here:} 12. Rd1 a6 (12... dxc4 13. Qxc4 e5 14. dxe5 Bxe5 15. Bd2 Nb6
16. Qb3 Qe7 17. a4 Rfd8 18. a5 Nbd5 19. Nxd5 cxd5 20. Bf3 $14 {1-0 Bitalzadeh,
A (2434)-Kuipers,S (2324)/Dieren NED 2009/The Week in Chess 769 (32)}) 13. Qc2
dxc4 14. Bxc4 c5 15. dxc5 Nxc5 16. Bd2 Rac8 17. Rac1 Qb8 18. a4 Be5 19. Be1
Bxc3 20. Bxc3 Nxa4 21. Qxa4 b5 22. Qxa6 Rxc4 23. b3 Rc7 24. Bxf6 Ra7 25. Qc6
gxf6 26. Rc5 $14 {1-0 Schandorff,L (2526)-Vaznonis,V (2399)/Valby 2008/CBM 123
Extra (69)}) 12. Rd1 Qe7 {[%cal Yd5c4,Ye6e5]} (12... dxc4 13. Qxc4 Qe7 14. e4 {
is a bit premature} (14. Qa4 $5) (14. Bd2 $5) 14... e5 15. Bg5 Nb6 16. Qb3 exd4
17. Rxd4 Be5 18. Rd2 Rfe8 19. Bf3 Qe6 20. Re1 Nc4 21. Rdd1 b5 22. Bc1 a5 $132 {
0-1 Likavsky,T (2494)-Huzman,A (2601)/Montreal 2007/CBM 119 ext (46)}) 13. Qc2
(13. Bd2 {[%cal Yd2e1] looks more logical}) (13. c5 $6 Bc7 14. f4 b6) 13... a6
$146 {This new move doesn't change much: Black will have to take on c4 anyway,
and White plays Bc1-d2-e1 in the meantime.} (13... Rbc8 {can already be met
with} 14. c5 Bc7 15. f4 {e.g.} b5 (15... Ba5 $5) 16. Bf3 a5 17. Bd2 Nh7 18. e4
$5 f5 19. e5 g5 20. Ne2 gxf4 21. Nxf4 $16 {1-0 Lysyj,I (2593)-Ivanov,O (2454)/
Moscow 2008/CBM 122 Extra (39)}) (13... dxc4 {is a natural reply:} 14. Bxc4
Rbd8 (14... Nb6 15. Bb3 Rfd8 16. Bd2 Rbc8 17. Be1 c5 18. dxc5 Rxc5 19. Qe2 a6
20. Rd4 e5 21. Rd2 e4 22. Rad1 Rcc8 23. h4 Rd7 24. Rd4 Rcd8 25. Qc2 Bc5 26.
Rxd7 Rxd7 27. Rxd7 Nbxd7 28. Kg2 $14 {1-0 Rodshtein,M (2650)-Ragger,M (2540)/
Moscow 2009/CBM 129 (51)}) (14... c5 15. dxc5 Bxc5 16. Bd2 Ne5 17. Be2 b6 18.
Ne4 Qb7 19. Nxc5 bxc5 20. Bc3 Nf3+ 21. Bxf3 Qxf3 22. Bxf6 gxf6 $14 {1/2 Golod,
V (2599)-Dreev,A (2660)/Zuerich SUI 2009/The Week in Chess 771}) 15. Bd2 c5 16.
dxc5 Bxc5 17. Be2 Nb6 18. Rac1 Rc8 19. Qb3 Rfd8 20. Bf3 Bb4 21. Be1 Rxd1 22.
Rxd1 Bc5 23. Bg2 Qc7 24. a4 Nbd7 25. a5 $14 Qxa5 $6 26. Nd5 Qd8 27. Nxf6+ gxf6
28. Qxb7 Rc7 29. Ba5 Bb6 30. Bxb6 axb6 31. Qxb6 $18 {1/2 Roiz,M (2677)-Akopian,
V (2679)/Dresden 2008/CBM 128 (131)}) ({Practice has also seen:} 13... Rfe8 14.
Bd2 a6 15. c5 Bc7 16. f4 Ba5 17. Bf3 (17. Bd3 $142) 17... b6 18. cxb6 Nxb6 19.
Na4 Bxd2 20. Rxd2 Nxa4 21. Qxa4 c5 22. Qxa6 c4 23. Qa4 Rb4 24. Qc2 Reb8 $44 {
0-1 Arsovic,Z (2475)-Akopian,V (2700)/Budva 2009/CBM 130 (45)}) (13... a5 14.
b3 Rfc8 15. Bb2 b5 16. cxb5 cxb5 17. Qd3 b4 18. Nb5 Nb6 19. Rac1 Ne8 20. Rxc8
Rxc8 21. Rc1 Qd8 22. Kg2 Rxc1 23. Bxc1 Nc8 24. Qc2 Ne7 25. f3 $14 {1-0 Galyas,
M (2458)-Lengyel,B (2268)/Budapest 2009/CBM 130 Extra (37)}) (13... Rfd8 14.
Bd2 dxc4 15. Bxc4 Rbc8 16. Rac1 c5 17. dxc5 Bxc5 18. Be2 Bd6 19. Be1 Nb6 20.
Qb3 $14 Nfd7 $6 21. Nb5 {1-0 Schlosser,P (2560)-Berezjuk,S (2406)/Pardubice
CZE 2009/The Week in Chess 769 (67)}) 14. Bd2 dxc4 15. Bxc4 b5 16. Bf1 c5 17.
dxc5 Nxc5 $14 {We have seen similar positions in games quoted in the above
annotations. White keeps a small but steady plus due to his bishop pair.} 18.
Be1 Rfc8 19. Rac1 Na4 $5 20. Qd3 Bb4 $2 {Hardly a successful attempt to get
rid of one of White's bishops. Black loses a pawn without sufficient
compensation.} (20... Nxc3 $142 21. Bxc3 Bb4 22. Be5 Rxc1 23. Rxc1 Rd8 $14) 21.
Nxa4 Rxc1 22. Rxc1 Bxe1 23. Rxe1 bxa4 24. Qxa6 Rxb2 25. Qxa4 $16 Nd5 26. e4 $2
{A nervous move, after which Black could have regained the pawn.} (26. Re2 $142
Rb1 27. Rc2 Qf6 28. Qe4 Re1 {[%cal Rd5e3]} 29. Rc8+ Kh7 30. Rc4 Kg8 31. Qd3 $16
) 26... Nf6 $2 {Returning the favour.} (26... Nc3 $1 27. Qd4 Qb4 28. Qxb4 Rxb4
{[%cal Rc3a2,Rc3e4] Although after} 29. Rc1 Nxa2 (29... Nxe4 $6 30. Rc8+ Kh7
31. Rc4) 30. Rc2 Ra4 31. Rc8+ Kh7 32. Rc7 {White keeps some initiative, it is
by no means enough for the victory.}) 27. e5 Qc5 28. Re2 {White gives back the
pawn in a favorable version to clarify the position.} (28. Re3 $5 {was another
option:} Nd5 29. Qe8+ Kh7 (29... Qf8 30. Qxf8+ Kxf8 31. Ra3) 30. Rf3 Rb1 31.
Rb3 Rxb3 32. axb3 {keeping an extra pawn.}) 28... Rxe2 29. Bxe2 Qxe5 $16 {
[%csl Ga2][%mdl 4096] The position has finally simplified. Black has regained
the missing material but White retains a positional advantage due to his
outside passed pawn.} 30. Bf3 g5 31. h3 g6 $2 {An unnecessary and probably
decisive loss of a tempo.} (31... Qe1+ $142 32. Kg2 e5 $132) 32. Qa7 $1 {
White finds a nice winning plan.} Kg7 {Another loss of time but} (32... Qe1+
33. Kh2 $1 e5 34. a4 {doesn't change much anymore.}) 33. a4 Qa1+ 34. Kh2 $1 e5
35. a5 e4 36. Bg2 g4 37. h4 $1 {The point! Black has no way to bother the
white king.} Qe5 38. a6 Qd6 39. Qb7 e3 40. a7 $1 e2 41. a8=Q e1=Q 42. Qbc8 1-0

[Event "Ubeda m"]
[Site "Ubeda"]
[Date "1994.??.??"]
[Round "4"]
[White "Karpov, Anatoly"]
[Black "Lautier, Joel"]
[Result "1/2-1/2"]
[WhiteElo "2780"]
[BlackElo "2645"]
[Annotator "Lautier,J"]
[PlyCount "87"]
[EventDate "1994.11.??"]
[EventType "match"]
[EventRounds "6"]
[EventCountry "ESP"]
[SourceTitle "CBM 045"]
[Source "ChessBase"]
[SourceDate "1995.04.01"]
[SourceVersion "1"]
[SourceVersionDate "1995.04.01"]
[SourceQuality "1"]

1. d4 d5 2. c4 c6 3. Nf3 Nf6 4. e3 Bf5 5. Bd3 e6 6. Bxf5 exf5 7. Qd3 $146 g6 $6
8. O-O Bg7 9. Qb3 $1 Qb6 10. Nc3 O-O 11. Bd2 dxc4 (11... Nbd7 12. cxd5 Qxb3 13.
axb3 cxd5 14. Ra5 $14) 12. Qxc4 Nbd7 13. Rfc1 $1 $14 (13. b4 Ne4 $1 $132) 13...
Rad8 $2 (13... Ne4 $2 14. Nxe4 fxe4 15. Ng5 Nf6 (15... Rae8 16. Bb4 $18) 16.
Bb4 $18) (13... Rae8 $2 {/\ Ne4} 14. Na4 $18 {/\ Bb4}) (13... Rfe8 $2 {/\ Ne4}
14. Ng5 Re7 15. Na4 $16 {/\ Bb4}) (13... h6 {/\ Ne4} 14. b4 Ne4 15. Nxe4 fxe4
16. Ne1 $14) (13... a5 $5 {/\ Qa6}) 14. a4 a6 (14... Ne4 $2 15. Nxe4 fxe4 16.
Ng5 $18 {/\ Bb4}) (14... a5 $6 {>< Rd8} 15. Rab1 {/\ b4} Qb4 16. Qxb4 axb4 17.
Ne2 (17. Na2 b3 $132) 17... Nd5 18. b3 Rfe8 (18... N7f6 $2 19. Rc4 $16) 19. Ne1
Bf8 (19... f4 20. Nxf4 Nxf4 21. exf4 Bxd4 22. Bxb4 Re2 23. Nd3 Nf6 (23... Rde8
24. Re1 c5 25. Bd2) 24. Re1 Rxe1+ 25. Rxe1 Nd5 26. Bd2 $14 (26. Bc5 $2 Nxf4))
20. Nd3 $14) 15. Rc2 $5 (15. b4 Ne4 16. Nxe4 fxe4 17. Ne1 Nf6 18. Rab1 $14)
15... Qa7 $1 {>< Ra1} (15... c5 $2 16. Nd5 $1 (16. a5 Qa7 (16... Qd6 17. Na4 $1
$16 {/\} cxd4 18. Bb4 $18) 17. d5 $16) 16... Nxd5 17. Qxd5 $16 {/\} cxd4 $2 18.
Ba5 $18) (15... Qc7 $6 16. b4 Nb6 17. Qb3 Nbd5 18. b5 $16) 16. b4 Nb6 $2 (16...
Ne4 $1 17. Be1 (17. Nxe4 fxe4 18. Ne1 (18. Ng5 $6 Nf6 {>< Ng5}) 18... Nb6 19.
Qb3 Nd5 20. Rb1 Nc7 $1 $10 {/\ Rd5}) 17... Ndf6 $132 {/\ Nd5}) 17. Qf1 $1 {
>< Ra1} Nbd5 18. Nxd5 (18. b5 $2 Nb4 19. Rcc1 (19. Rb2 c5 20. dxc5 Nd3 $10 (
20... Qxc5 $5 21. Ne4 Nxe4 22. Bxb4 Qd5 $10)) 19... c5 20. dxc5 Nd3 $10 (20...
Qxc5 $2 21. Na2 $18)) 18... Rxd5 $2 (18... cxd5 19. Rac1 Ne4 20. b5 a5 $1 21.
Be1 Nd6 22. Nd2 f4 $1 $132) 19. b5 $16 Rc8 (19... c5 $2 20. dxc5 Rxc5 21. b6 $1
Qxb6 22. Rb1 Qc7 23. Rxc5 Qxc5 24. Bb4 $18) 20. bxa6 bxa6 (20... b6 $2 21. Rac1
c5 22. Qb5 $18) 21. Rac1 Qb7 22. Rb1 Qa7 (22... Qa8 $6 23. Rb6 $18) 23. Rcb2 c5
$8 (23... Rd7 $2 24. Rb6 $18) 24. Rb7 Qa8 25. R7b6 Rdd8 $8 (25... c4 26. Rc1
Qa7 27. Rb4 $18) 26. Rxa6 (26. Qxa6 $1 Qxa6 (26... Qe4 27. dxc5 (27. Ng5 $2 Qg4
$1 (27... Qc2 $2 28. R6b2 $18) (27... Qe7 $2 28. Rb7 Nd7 29. Ba5 Rf8 30. h4 h6
31. Qb5 $18) 28. Rxf6 Qxg5 (28... Ra8 $2 29. Qc4 $18) 29. Rc6 (29. Rd6 cxd4 30.
Ba5 Re8 31. exd4 Rc1+ 32. Rxc1 Qxc1+ 33. Qf1 Qc2 $44) 29... Rxc6 30. Qxc6 cxd4
31. Ba5 Rf8 $132) (27. Rc1 $2 Ra8 {/\ Nd5<=>}) 27... Nd5 (27... Rxc5 28. Rb8
$16) 28. Rb7 Rxc5 29. Rb8 $16) 27. Rxa6 c4 28. Ba5 $1 (28. Rc1 $2 Nd5 $1 {
>< Ra6} 29. Bc3 (29. Ba5 $6 Rd7 $1 {/\ Rb7} (29... Re8 $2 30. Rd6 $16) 30. Nd2
c3 31. Nb1 (31. Nb3 Bf8 $36 {/\ Rb7. Les pièces blanches sont très mal placÉes.
}) 31... Rb7 $1 (31... c2 $2 32. Na3 Rb7 (32... Bf8 33. Rxc2 $18) 33. Rxc2 Rxc2
34. Nxc2 Rb1+ 35. Ne1 $18) 32. Rd6 c2 33. Nd2 (33. Na3 Bf8 $1 $19) 33... Bf8 $1
34. Rxd5 Ba3 35. Rxc2 Rxc2 $10) 29... Rd7 (29... Bf8 $2 30. Ne5 $16) (29... Ra8
$2 30. Rxa8 Rxa8 31. a5 Nxc3 32. Rxc3 Rxa5 33. g3 Ra4 34. Nd2 $16) 30. Nd2 Rb7
31. g3 Bf8 $132) 28... Re8 (28... Rd7 29. Ne5 Re7 30. Rc1 $18) (28... Ra8 29.
Bxd8 Rxa6 30. a5 $16) 29. Rc1 Ra8 (29... Ne4 30. Nd2 $16) (29... Nd5 30. Rd6
$16) 30. Rxa8 Rxa8 31. Be1 (31. Bb4 $2 Rxa4 32. Rxc4 Bf8 $17) 31... Rxa4 32.
Ne5 $16) 26... Qd5 27. Ba5 Re8 28. dxc5 (28. Rb5 $6 Ne4 29. Bb4 f4 $132) 28...
Qxc5 (28... Rxc5 $142 29. Bb4 (29. Rb5 Ne4 30. Bb4 Rxb5 31. axb5 (31. Qxb5 Qxb5
32. axb5 Rb8 $132) 31... Rb8 32. b6 Qc6 $132) 29... Rc2 {<=>}) 29. Bb4 (29. Bb6
{/\ Bd4} Qc2 30. Bd4 Ne4 $132) 29... Qc7 (29... Qc2 30. Nd4 Qa2 31. Ra1 $16)
30. a5 Ne4 31. Rb6 Qc2 32. Be1 $1 Nc5 33. Qb5 (33. a6 Nd3 {>< Qf1}) 33... Nd3
34. Qb3 $2 (34. a6 $2 Bc3 $1 35. Bxc3 (35. Rc6 $2 Rxc6 36. Qxc6 Qxb1 37. Qxe8+
Kg7 $17) (35. Qb3 Bxe1 36. Qxc2 Rxc2 37. Nxe1 Nxe1 38. Rxe1 Ra2 39. Rc1 Ra8 $10
) 35... Qxf2+ 36. Kh1 Qxe3 37. Bd4 Nf2+ 38. Kg1 Nh3+ 39. Kh1 (39. Kf1 $2 Rc1+
40. Rxc1 Qxc1+ $19) 39... Nf2+ $10 (39... Rc1+ 40. Rxc1 Qxc1+ $2 41. Ng1 $18))
(34. h3 $1 {/\ a6} f4 (34... Bc3 35. Bxc3 Qxc3 (35... Qxf2+ $2 36. Kh2 $18) 36.
Qb3 (36. a6 Qc2 37. Rf1 $16) 36... Qc2 37. Qxc2 Rxc2 38. Ra1 $16) 35. Bd2 $1 (
35. a6 fxe3 36. fxe3 Rxe3 $132 {/\ Re1, Qf2}) 35... fxe3 (35... Bc3 36. Bxc3
Qxf2+ 37. Kh1 Qxe3 38. Bd4 $18) 36. Bxe3 $16 (36. fxe3 $6 Bc3 37. Bxc3 Qxc3 38.
a6 Nc1 $132 {>< e3})) 34... Qe2 $2 (34... Nxe1 $1 35. Nxe1 (35. Rxe1 $2 Qxb3
36. Rxb3 Bc3 $10) 35... Qxb3 36. R6xb3 f4 $1 (36... Rc5 $2 37. Rb8 $16) (36...
Ra8 $2 37. Ra3 (37. Rb5 $2 Bc3 $10) 37... Re5 (37... Re6 38. Nd3 $16) 38. a6
$16) 37. exf4 (37. a6 Ra8 38. Ra3 Bf8 39. Ra4 fxe3 40. fxe3 Rxe3 $10) 37... Bc3
38. Nd3 Bxa5 39. Rb7 $14) 35. Qd1 $2 (35. Rb7 Rf8 36. Rd7 $1 (36. h3 $2 Rc2 $40
) (36. a6 $2 Nc5 $1 $10) 36... Nc5 37. Qd1 $16) 35... Qxd1 36. Rxd1 Nxe1 37.
Nxe1 Re5 $2 (37... Rc5 38. a6 (38. Ra6 Bc3 $10) 38... Ra5 {/\ Ra8} 39. Rdb1 (
39. Nc2 Ra8 40. Nb4 (40. Rdd6 Bf8 41. Rdc6 Bc5 $10) 40... Bf8 $10) 39... Bf8 $1
$10 {/\ Ra8} (39... Ra8 $2 40. Rb8+ Rxb8 41. Rxb8+ Bf8 42. Ra8 $16)) 38. Ra6
Rb5 39. Ra7 $2 (39. h3 $1 Bc3 40. Rc1 $16) 39... Bc3 40. Rc1 Rcc5 41. a6 (41.
Nd3 Rd5 $1 $10 {/\} 42. Rxc3 $2 Rb1+ $19) 41... Bxe1 42. Rxe1 Ra5 43. h4 Rc6
44. Rd1 1/2-1/2

[Event "Capablanca Memorial Elite 46th"]
[Site "Havana"]
[Date "2011.05.19"]
[Round "8"]
[White "Le, Quang Liem"]
[Black "Bruzon Batista, Lazaro"]
[Result "1-0"]
[WhiteElo "2687"]
[BlackElo "2693"]
[Annotator "Le Quang Liem"]
[PlyCount "93"]
[EventDate "2011.05.11"]
[EventType "tourn"]
[EventRounds "10"]
[EventCountry "CUB"]
[EventCategory "19"]
[SourceTitle "CBM 143"]
[Source "ChessBase"]
[SourceDate "2011.07.15"]
[SourceVersion "1"]
[SourceVersionDate "2011.07.15"]
[SourceQuality "1"]

1. d4 d5 2. Nf3 Nf6 3. c4 c6 4. e3 {Slav Defence. I decided to play a
positional and slow game, so this line seems to be a good choice.} Bf5 5. Nc3
e6 6. Nh4 Be4 (6... Bg6 {is a very solid alternative, while the text move is
more complicated and interesting.}) 7. f3 Bg6 8. Qb3 Qc7 9. Bd2 Be7 10. g3 a6
11. Rc1 {White gives up the possibility to castle long, but on the other hand
forces Black to release the tension in the centre.} dxc4 12. Bxc4 O-O $146 (
12... b5 $6 {is premature:} 13. Be2 c5 14. dxc5 Nbd7 {and White has the strong
reply} 15. Qd1 $1 (15. Nxg6 {is not as accurate because of} hxg6 16. Qd1 b4 17.
Na4 Rxh2 $1) 15... Bxc5 (15... Nxc5 16. b4) 16. b4 Bd6 17. Nxb5 Bxg3+ 18. Kf1
Qb6 19. hxg3 axb5 20. Nxg6 fxg6 21. Kg2 $14 {with a pleasant advantage for
White.}) (12... Nbd7 {is commonly played, but the text is also very natural.
In some cases they may transpose to each other.}) 13. O-O Nbd7 (13... b5 14.
Nxg6 hxg6 15. Be2 c5 16. Ne4 (16. a4 $5) 16... Nxe4 17. fxe4 Qa7 {Black is
close to equality}) (13... c5 $5 {is interesting, although White retains
slighty better chances thanks to his bishop pair after} 14. Nxg6 hxg6 15. dxc5
Nbd7 16. Na4 Nxc5 17. Nxc5 Bxc5) 14. e4 ({Also playable is} 14. Nxg6 hxg6 15.
Ne4 $36) 14... e5 (14... b5 15. Bxe6 Qd6 $1 (15... fxe6 16. Nxg6 hxg6 17. Qxe6+
Rf7 18. e5 Bc5 19. exf6 Bxd4+ 20. Kg2 Nxf6 21. Ne4 $14) 16. Nxg6 hxg6 17. Bxd7
Qxd4+ 18. Kh1 Nxd7 19. Be3 $1 Qf6 {should be about equal.}) 15. dxe5 Nxe5 ({
The tricky} 15... Qxe5 {does not work for Black here} 16. Kg2 Qd4 17. Rfd1 Nc5
$2 18. Qb4 $1 {and suddenly Black is in trouble.}) 16. Be2 Rad8 ({The
iImmediate} 16... b5 {is probably the best move, with the idea to play
c6-c5-c4 quickly}) 17. Be3 b5 $6 {A mistake that helps me to advance my
kingside pawns.} ({After} 17... Nd3 18. Rcd1 (18. Bxd3 Rxd3 19. Bb6 Qe5 20.
Nxg6 hxg6 21. Rcd1 Rxd1 22. Rxd1 g5 23. Kg2 $14) 18... Nc5 19. Qc2 {White is
slighty better. Still, this is an improved version for Black compared to what
happened in the game.}) ({Perhaps Black should try to exchange one of White's
bishops with} 17... Ned7 {, though White can prevent it by the somewhat
mysterious move} 18. Nd1 $5 b5 19. Kg2 c5 20. Nxg6 hxg6 21. a4 $14) 18. Nxg6
hxg6 19. f4 Nd3 ({Normally Black wants to play} 19... Neg4 {but here White can
refute it by a tactic} 20. Bxg4 Nxg4 21. Nd5 $1) 20. Rcd1 Nc5 21. Qc2 Qc8 (
21... b4 {is not good in view of} 22. e5 bxc3 23. exf6 gxf6 24. b4 $14) 22. Bf3
Qh3 $6 {After this inaccuracy White can force the exchange of queens and enter
a better ending.} (22... Ng4 {is stronger:} 23. Bc1 Rxd1 (23... Nb7 24. Kg2
Rxd1 25. Nxd1 $1) 24. Rxd1 Nb7 25. Kg2 Bc5 26. Rf1 $14) (22... b4 23. Nb1 $1 (
23. Ne2 Ncxe4 24. Bxe4 Qe6) 23... Ne6 24. Nd2) 23. Qf2 (23. Rxd8 Rxd8 24. Rd1
$16 {is even more convincing}) 23... Ne6 24. Qg2 Qxg2+ 25. Kxg2 Bc5 26. Kf2 {
I try to improve my position step by step before taking concrete actions. The
next few moves are more or less forced.} (26. Bxc5 Nxc5 27. b4 (27. e5 b4 28.
exf6 bxc3 29. fxg7 Kxg7 30. bxc3 {wins a pawn, but leaves Black with drawing
chances thanks to his active pieces and White's vulnerable pawns.} Na4 31. c4
Nc3) 27... Rd3 28. Rxd3 Nxd3 29. e5 Nd5 30. Nxd5 cxd5 31. a3 Rc8 32. Bxd5 Rc3 {
might also be better for White, but during the game I did not want to give him
any kind of counterplay.. .}) 26... Bxe3+ 27. Kxe3 Nd7 (27... c5 {is bad
because of} 28. e5 Nd7 29. Rd6) 28. e5 Nb6 29. b3 c5 30. Bb7 {Black can not
protect all his queenside pawns} Rd4 (30... Nc7 31. Ne4 (31. Rd6 Rxd6 32. exd6
Rb8) 31... c4 32. Rd6 $16) 31. Bxa6 b4 32. Ne2 (32. Nb5 Ra8 33. Bb7 Rxd1 34.
Rxd1 Ra5 35. Rd6 Rxb5 36. Ba6 Ra5 37. Rxb6 Rxa2 38. h4 $14) ({I underestimated
} 32. Na4 $1 {, which is clearly the strongest move.} Nxa4 33. bxa4 Nc7 34. Bb7
b3 $1 35. Rxd4 $1 (35. axb3 Rb8 36. Bc6 Rxb3+ 37. Kf2 Ne6 {I am not sure
whether White can win this. Black's active pieces give him decent drawing
chances, especially if he can exchange queenside pawns.}) 35... cxd4+ 36. Kd2
$1 {(This is what I really missed during the game)} (36. Kxd4 Rb8 37. Bc6 bxa2
38. Ra1 Rb2 39. a5 Rc2 40. Ba4 Ne6+ 41. Kd3 Rc5 {and Black successfully
exchanges queenside pawns, thus obviously increases his drawing chances.})
36... Rb8 37. Be4 bxa2 38. Ra1 Rb2+ 39. Bc2 Na6 40. Kc1 Rb8 41. Rxa2 {White
keeps his a-pawn alive. He is now a healthy pawn up, and his bishop is
superior to Black's knight, so it should be an easy win here.}) 32... Ra8 33.
Bb7 Ra7 (33... Rxd1 34. Rxd1 Rxa2 35. Rd6 Na8 {is more stubborn} 36. Bd5 Nac7
37. Bc4 Kf8 38. g4 $14) 34. Be4 Rxd1 35. Rxd1 Rxa2 36. Rd6 Nc8 37. Rd7 Ra3 (
37... Ra7 38. Rxa7 Nxa7 39. Kd3 Nb5 40. Kc4 Na3+ 41. Kd5 {White enjoys a large
advantage.}) 38. Rb7 $1 {Fortunately there is one way to keep the advantage,
and I managed to find it! White simply sacrifices a pawn and threatens Rb8.} (
38. Rd3 Nb6 $11) 38... Rxb3+ 39. Kf2 Kh7 $8 40. Rxf7 {Material is equal, but
White's bishop is extremely powerful and Black's king is vulnerable. It is
perhaps impossible to hold for Black.} Rb2 41. Kf3 Rb3+ 42. Kg4 Re3 43. Bd5 Nd8
44. Rf8 Ne7 (44... Rxe2 45. Bg8+ $1 Kh6 46. Rxd8 Ne7 47. Bc4 {wins on the spot.
}) 45. Bc4 Ndc6 46. Ng1 $1 Re4 $2 {The final mistake. However, it is lost
anyway.} ({The only defence is} 46... Nd4 {but it only prolongs the game a bit}
47. Nh3 Nf3 48. Ng5+ Nxg5 49. Kxg5 Re4 50. Bf7 b3 51. Bxb3 c4 52. Ba4 c3 53.
Ra8 Rc4 54. Bc2 $18) (46... Rxe5 47. Nf3 Rf5 48. Ng5+ Rxg5+ 49. Kxg5 $18) 47.
Nf3 {And he resigned. After this win I led the tournament by a full point with
two rounds to go. I was quite satisfied at that moment!} 1-0

[Event "Olympiad-32"]
[Site "Yerevan"]
[Date "1996.09.28"]
[Round "12.2"]
[White "Kozul, Zdenko"]
[Black "Illescas Cordoba, Miguel"]
[Result "0-1"]
[WhiteElo "2605"]
[BlackElo "2640"]
[Annotator "Lempert,I"]
[PlyCount "72"]
[EventDate "1996.09.15"]
[EventType "team-swiss"]
[EventRounds "14"]
[EventCountry "ARM"]
[SourceTitle "CBM 055"]
[Source "ChessBase"]
[SourceDate "1996.12.01"]
[SourceVersion "1"]
[SourceVersionDate "1996.12.01"]
[SourceQuality "1"]
[WhiteTeam "Croatia"]
[BlackTeam "Spain"]
[WhiteTeamCountry "CRO"]
[BlackTeamCountry "ESP"]

1. d4 d5 2. c4 c6 3. e3 Nf6 4. Nf3 Bf5 5. Bd3 Bxd3 6. Qxd3 e6 7. O-O Nbd7 8.
Nc3 Bb4 9. Bd2 a5 10. a3 Be7 11. b3 (11. e4 $10) (11. Rfd1 $10) (11. b4 $10)
11... O-O 12. e4 $2 (12. Rfd1 Qc7 13. e4 $10 {Kortscnoi,V-Oll,L/Antwerpen/1994/
0,5/37/}) 12... Nc5 $3 13. dxc5 dxe4 14. Qxd8 Rfxd8 15. Na4 $2 (15. Nxe4 Nxe4
16. Be3 Nxc5 $17) 15... exf3 16. Rfd1 Rd3 $19 17. Bc3 Rad8 18. Re1 R8d7 19.
Rac1 fxg2 20. Nb2 Rf3 21. Kxg2 Rf5 22. Na4 $6 (22. b4) 22... Rd3 23. Rcd1 Rdf3
24. Re2 h5 25. h3 g5 26. b4 axb4 27. axb4 g4 28. hxg4 Nxg4 29. Rh1 (29. Rf1 h4
$19) 29... Rxf2+ 30. Rxf2 Nxf2 31. Ra1 h4 32. Nb6 h3+ 33. Kh2 Rg5 34. Rg1 Rxg1
35. Kxg1 Ng4 36. Nc8 Kf8 0-1